កំរងវិញ្ញាសាគណិតវិទ្យា / (Record no. 6638)

MARC details
000 -LEADER
fixed length control field 01626nam a22002297a 4500
001 - CONTROL NUMBER
control field 6638
003 - CONTROL NUMBER IDENTIFIER
control field FISKH
005 - DATE AND TIME OF LATEST TRANSACTION
control field 20250516143517.0
008 - FIXED-LENGTH DATA ELEMENTS--GENERAL INFORMATION
fixed length control field 250516b cb ||||| |||| 00| 0 eng d
040 ## - CATALOGING SOURCE
Original cataloging agency FISKH
Language of cataloging khr
Transcribing agency FISKH
Modifying agency FISKH
082 ## - DEWEY DECIMAL CLASSIFICATION NUMBER
Classification number 510
100 ## - MAIN ENTRY--PERSONAL NAME
Personal name Bunthorn, Ouch
245 ## - TITLE STATEMENT
Title កំរងវិញ្ញាសាគណិតវិទ្យា /
Statement of responsibility, etc. អ៊ូច ប៊ុនថន
260 ## - PUBLICATION, DISTRIBUTION, ETC.
Place of publication, distribution, etc. ភ្នំពេញ :
Date of publication, distribution, etc. ២០០៩ .
300 ## - PHYSICAL DESCRIPTION
Extent 171 pages :
Other physical details illustrations ;
Dimensions 20 cm .
520 ## - SUMMARY, ETC.
Summary, etc. «កំរងវិញ្ញាសាគណិតវិទ្យា» គឺជាសៀវភៅបណ្តុំលំហាត់គណិតវិទ្យាដ៏ពេញលេញ មួយដែលបានរៀបរៀងដោយលោក អ៊ូច ប៊ុនថន។ កំរងនេះជាធនធានមានតម្លៃសម្រាប់សិស្សក្នុងការត្រៀមប្រឡងគណិតវិទ្យានានា រួមទាំងកម្រិតគ្រូមធ្យមសិក្សា ​បឋមសិក្សា​និងការប្រលងផ្សេងៗ។
520 ## - SUMMARY, ETC.
Summary, etc. "Kamrong Vinyasa Konnit Vityea" is a comprehensive mathematics exercise book compiled by Ouch Bunthan. This collection is a valuable resource for students preparing for various mathematics examinations, including those at the primary, lower secondary, and teacher training levels, as well as other types of exams.
650 ## - SUBJECT ADDED ENTRY--TOPICAL TERM
Topical term or geographic name entry element គណិតវិទ្យា​
650 ## - SUBJECT ADDED ENTRY--TOPICAL TERM
Topical term or geographic name entry element Mathematic
942 ## - ADDED ENTRY ELEMENTS (KOHA)
Source of classification or shelving scheme Dewey Decimal Classification
Koha item type Khmer Books
Suppress in OPAC No
Holdings
Withdrawn status Lost status Source of classification or shelving scheme Damaged status Not for loan Collection Home library Current library Shelving location Date acquired Total Checkouts Full call number Barcode Date last seen Price effective from Koha item type
    Dewey Decimal Classification     Khmer Language Books / សៀវភៅភាសាខ្មែរ Footprints International School Library Network Toul Tom Poung Campus Footprints International School Library Network Toul Tom Poung Campus TTP Secondary Khmer Bookshelves 05/16/2025   BUN 510 2025-1316 05/16/2025 05/16/2025 Khmer Books